Districts of Giresun (Giresun İlinin ilçeleri) - Statistics

General Stats
  • This quiz has been taken 65 times
  • The average score is 10 of 16
Answer Stats
Population District's Name % Correct
143.890 Merkez
93%
33.459 Tirebolu
81%
19.308 Dereli
79%
38.130 Espiye
76%
19.948 Şebinkarahisar
76%
10.514 Alucra
74%
15.151 Piraziz
74%
32.192 Görele
71%
20.763 Keşap
71%
13.237 Eynesil
64%
15.744 Yağlıdere
62%
7.254 Çamoluk
48%
6.917 Çanakçı
43%
6.539 Doğankent
40%
70.092 Bulanacak
38%
8.574 Güce
38%
No matching quizzes found
Score Distribution
Percent of People with Each Score
Percentile by Number Answered
Your Score History
You have not taken this quiz